La línea de balance para la construcción de viviendas con bambú

Gespeichert in:
Bibliographische Detailangaben
1. Verfasser: Castro Morales, Marco Antonio
Format: Buch
Sprache:Undetermined
Veröffentlicht: San José, C.R. 1997
Schlagworte:
Tags: Tag hinzufügen
Keine Tags, Fügen Sie den ersten Tag hinzu!

MARC

LEADER 00000nam a2200000Ia 4500
003 8230
005 20221231144230.0
008 140114s9999 xx 000 0 und d
040 |c cru CEDI 
090 |a TFG 3678 
100 |a Castro Morales, Marco Antonio  |9 9420 
245 |a La línea de balance para la construcción de viviendas con bambú 
260 |c 1997  |a  San José, C.R. 
300 |a  iii, [83] hojas : ilustraciones  
500 |a  Proyecto de graduación (licenciatura en ingeniería civil)--Universidad de Costa Rica. Facultad de Ingeniería. Escuela de Ingeniería Civil 
650 |x BAMBU EN LA CONSTRUCCION  |9 9421 
942 |c TFG 
999 |c 18807  |d 18807